00315nam a2200121Ia 4500008004100000041000800041082001200049100001500061245003100076260004800107300003100155365000700186240624s9999 xx 000 0 und d aeng a381 KUM aKUMAR ARUN aSCANNER P E COURSE II GR I c2003aAllahabadbShuchita Prakashan (P) LTD axvi, : 475 : p. : cm. ; 21 cRS